000 00922nam a2200253Ia 4500
003 OSt
005 20221005113334.0
006 a|||||r|||| 00| 0
007 ta
008 221004b |||||||| |||| 00| 0 pan d
020 _c22.5
024 _a116923
037 _b606, 17/02/2012, H.K. Prakashan
_cTextual
040 _aCRL
_cCRL
_bpan
041 _2pan
_apan
082 _aO153,3M97:g, L5
100 _aਭਸੀਨ, ਰਾਜਿੰਦਰ ਸਿੰਘ, ਥਦ।
_9166776
245 0 _aਨਾਨਕ ਸਿੰਘ ਇਕ ਆਲੋਚਨਾਤਮਕ ਅਧਿਐਨ
260 _aਪਟਿਆਲਾ
_bਭਾਾ ਵਿਭਾਗ ਭਾਰਤ
_c2000
300 _a304ਪੰ
_ccm.
650 _aਪੰਜਾਬੀ ਸਾਹਿਤ
942 _hO153,3M97:g, L5
_cTEXL
_2cc
999 _c1027851
_d1027851